000 00617nab a2200181 a 4500
001 20232
003 55314
005 20201118095931.0
008 ||||||n9999 ||| || ||
041 _aspa
245 0 _aProduccion de vivienda y sector inmobiliario algunos elementos teoricos para su analisis :
_bpp.45-56
260 _aMéxico :
_bUniversidad Nacional Autónoma de México,
_c1983.
300 _app. 45-55
562 _e0
650 _aCONSTRUCCION DE VIVIENDAS--FINANCIAMIENTO--PEREIRA (COLOMBIA)
773 _020228
_aRevista Mexicana de Ciencias Políticas y Sociales - No.111-112
942 _cSART
999 _c20232
_d20232